| 000 | 00830cam a2200217 a 4500 | ||
|---|---|---|---|
| 001 | 000005717 | ||
| 005 | 20200929151746.0 | ||
| 008 | 940722s1993 pr 000 0 spa | ||
| 040 |
_aDO-SdBNP _cDLC _dDLC |
||
| 082 |
_a320.97295 _bB533p |
||
| 100 | 1 |
_aBerríos Martínez, Rubén. _916162 |
|
| 245 | 1 | 0 |
_aPuerto Rico : _bnacionalidad y plebiscito / _cRubén Berríos Martínez ; prólogo por Fernándo Martín García. |
| 260 |
_aPuerto Nuevo, Puerto Rico : _bLibertad, _c[1993]. |
||
| 300 |
_a167 p. ; _c23 cm. |
||
| 651 | 4 |
_aPuerto Rico _xPolítica Y Gobierno _y1952-1998. _916163 |
|
| 650 | 4 |
_aLibre determinación nacional _zPuerto Rico _916164 |
|
| 650 | 4 |
_aPlebiscito _zPuerto Rico _916165 |
|
| 650 | 4 |
_aReferendum _zPuerto Rico _916166 |
|
| 700 | 1 |
_aGarcía, fernándo Martín _eed. _916167 |
|
| 910 | _aCatalogación por copia / LC | ||
| 999 |
_c5513 _d5513 |
||